| 000 | 01254aas a2200241 4500 | ||
|---|---|---|---|
| 999 |
_c53741 _d53741 |
||
| 001 | 768714001 | ||
| 003 | CO-MdFUSB | ||
| 005 | 20171108103104.0 | ||
| 008 | 170728s1997 xxu||||| |||| 00| 0 eng d | ||
| 022 | _a0098-9444 | ||
| 040 |
_aCO-MdFUSB _bspa _cCO-MdFUSB _dCO-MdFUSB |
||
| 041 | _aspa | ||
| 100 | 1 |
_aBunimovitz, Shlomo _eautor |
|
| 242 | 1 | 0 |
_aBeth Shemesh : _bel conflicto cultural en la frontera de Judá |
| 245 | 1 | 0 |
_aBeth Shemesh : _bculture conflict on Judah's frontier _c/ Shlomo Bunimovitz |
| 300 |
_aVolumen 23. Número 1 (1997), páginas 42-49 _c: 28 cm. |
||
| 520 | 1 | _aUbicada en el lugar de reunión de tres de los pueblos más poderosos de la antigua Palestina, Beth Shemesh sufrió las diversas fortunas de los israelitas, los cananeos y los filisteos que vivían en la región. Aunque la Biblia identifica el sitio como israelita durante el período de los jueces, las excavaciones recientes revelan que esta ciudad fronteriza fue un hervidero de interacción política, social y cultural. | |
| 546 | _aTexto en inglés | ||
| 650 | 7 |
_9403 _aExcavaciones arqueológicas |
|
| 700 | 1 | _aZvi, Lederman | |
| 773 | 0 |
_tBiblical Archaeology Review _049395 _959492 _gVolumen 23. Número 1 (1997), páginas 42-49 _q Página 42 |
|
| 942 | _cANA | ||